000
00333nam a2200169Ia 4500
100
_a
Jutz/Herman
650
_a
Tables
250
_a
2
942
_c
BK
366
_f
20
654
_a
westermann
245
_a
Westermann Tables
260
_b
New Age Int (P) Ltd
_c
2006
082
_b
JUT
300
_a
151
546
_a
ENGLISH
999
_c
23450
_d
23450